| Поле | Инд. | ПП | Название | Значение |
|---|---|---|---|---|
| Тип записи | a | |||
| Библиографический уровень | m | |||
| 001 | Контрольный номер | 470e16a3-b30c-4117-9294-0cff9fc9956f | ||
| 005 | Дата корректировки | 20140226131309.1 | ||
| 008 | Кодируемые данные | 990705 d | ||
| 020 | a | ISBN | 5-7455-0868-Х | |
| c | Цена, тираж | 30000.00 | ||
| 080 | a | Индекс УДК | 343.14 | |
| 084 | a | Индекс другой классификации/Индекс ББК | Х629.34 | |
| 090 | a | Полочн. индекс | Х629.3 | |
| x | Авторский знак | К59 | ||
| c | Каталожный индекс | Х629.34 | ||
| 100 | 1_ | a | Автор | Кокорев Лев Дмитриевич |
| q | Полное имя | Кокорев Л. Д. | ||
| 245 | a | Заглавие | Уголовный процесс: доказательства и доказывание | |
| b | Продолж. заглавия | [монография] | ||
| 260 | 0_ | a | Место издания | Воронеж |
| b | Издательство | Воронежский государственный университет | ||
| c | Дата издания | 1995 | ||
| 300 | a | Объем | 268,[2] с. | |
| 500 | a | Примечание | Библиогр.: с. 260-269 (206 наим.). [Библиогр. сост. А. В. Золотовой] | |
| 583 | a | Действие | Приписка 82 01.04.97 | |
| k | Исполнитель действия | Обмен | ||
| 583 | a | Действие | Приписка 256 08.04.99 | |
| k | Исполнитель действия | Дар Ларина А.М. | ||
| 583 | a | Действие | Приписка 37 08.02.2006 | |
| k | Исполнитель действия | Дар читателя | ||
| 650 | a | Основная рубрика | Уголовный процесс | |
| x | Основная подрубрика | Доказательства | ||
| 653 | a | Ключевые слова | Доказательства | |
| a | Ключевые слова | Доказывание | ||
| a | Ключевые слова | Процесс доказывания | ||
| a | Ключевые слова | Уголовное судопроизводство | ||
| a | Ключевые слова | Уголовный процесс | ||
| 700 | 1_ | a | Другие авторы | Кузнецов Николай Пантелеймонович |
| q | Полное имя | Кузнецов, Н. П. | ||
| 852 | t | Порядковый номер экземпляра | 4 | |
| p | Инвентарный номер | 673867 | ||
| p | Инвентарный номер | 680446 12000.00 | ||
| p | Инвентарный номер | 708876 17.80 | ||
| p | Инвентарный номер | 833765 50.00 | ||
| 863 | t | 00112981 | ||
| 888 | a | Бесплатные | ||
| 901 | t | Тип документа | m | |
| 952 | p | 82 12000.00 1 680446 | ||
| p | 256.99 17.80 1 708876 | |||
| p | 37.2006 50.00 1 833765 | |||
| c | Вид литературы | К рн | ||
| 954 | a | Дата поступления на обработку | 28.10.96 | |
| 999 | a | Подразделение 2 | Фил1 |